000 00319nam a2200133Ia 4500
008 151001s9999||||xx |||||||||||||| ||und||
100 _aश्री ज जोशी
245 _aसमिधा
250 _a1
260 _bकेशरी प्रकाशन
260 _c1971
300 _a138
365 _b7
999 _c955155
_d955152